000
00272nam a2200109 a 4500
005
20201002060557.0
008
180613s2008 000 spa d
020
_a
9789705804465
245
3
_a
La voluntad y la fortuna.
260
_a
México, D.F.,
_c
2008.
999
_c
46994
_d
46994
040
_a
DO-SdBNP